| 000 | 01016nam a2200277 i 4500 | ||
|---|---|---|---|
| 001 | bg | ||
| 245 | 0 |
_aWieś i rolnictwo na rozdrożu? / _cpod red. nauk. Izabelli Bukraby-Rylskiej, Janusza Stacewicza i Marii Wieruszewskiej ; Polska Akademia Nauk Instytut Rozwoju Wsi i Rolnictwa. |
|
| 260 |
_aWarszawa : _bPAN, _c1993. |
||
| 300 |
_a276 s. : _bmapy ; _c24 cm. |
||
| 490 | 1 | _aProblemy Rozwoju Wsi i Rolnictwa | |
| 504 | _aWykaz publikacji pracowników IRWIR PAN s. 265-276. | ||
| 650 | 9 |
_aRolnictwo _xpolityka _zPolska _yod 1989 r. |
|
| 650 | 9 |
_aWieś _xsocjologia _zPolska _yod 1989 r. |
|
| 650 | 9 |
_aWieś _xzatrudnienie _zPolska _yod 1989 r. |
|
| 700 | 1 |
_aBukraba-Rylska, Izabella. _d(1953- ). |
|
| 700 | 1 | _aSTACEWICZ, Janusz | |
| 700 | 1 | _aWIERUSZEWSKA, Maria | |
| 830 | _aProblemy Rozwoju Wsi i Rolnictwa | ||
| 020 | _a8385369252 | ||
| 040 | _cBPK | ||
| 041 | 0 | _apl | |
| 080 | _a338.43:316.334.55](438)"1989/..." | ||
| 920 | _a83-85369-25-2 | ||
| 942 | _cKS | ||
| 008 | s pl f |000 0 pol | ||
| 999 |
_c31010 _d31010 |
||
| 856 |
_uhttp://koha.tu.koszalin.pl/cgi-bin/koha/opac-detail.pl?biblionumber=31010 _yKatalog online BPK |
||